000 00568nam a2200229Ia 4500
003 OSt
005 20230307142057.0
008 210210b2008 xxu||||| |||| 00| 0 eng d
020 _a9788184880380
040 _cAL
041 _aeng
082 _a338.954 MISI
100 _aMISRA (S K)
_974432
245 _aIndian economy
_bIts development experience
250 _a26
260 _aMumbai
_bHimalaya Publishing House
_c2008
300 _axxvii,847
690 _aIndian Economics
_974433
700 _aPURI (V K)
_974434
906 _a063055
942 _2ddc
_cBK
999 _c131505
_d131505